02061nam a2200181 4500999001900000008004100019100003000060245013800090260000900228300001300237520141300250650002001663650003001683773003101713906001701744942001201761952010601773 c511045d511045190909b ||||| |||| 00| 0 eng d aLee, Patrick et al910033 aScientific facts and oral traditions in Oldupai Gorge, Tanzania: Symmetrically analysing palaeoanthropological and Maasai black boxes c2019 ap.57-83. aReminiscent of past colonial practices, contemporary archaeological research in Africa is still often governed and carried out by foreign entities that move Africans aside from their pasts and their countries’ archaeological heritage. Oldupai Gorge, located in Tanzania’s Ngorongoro Conservation Area, is a flagship human evolution research site. Less recognized is that a Maasai pastoral society inhabits the region. Despite over a century of excavations in the ‘birthplace of humanity’, local Maasai and palaeoanthropologists have rarely affiliated with each other. Furthermore, a lingering and erroneous characterization of the Maasai as archaic, environmentally damaging and premodern continues to guide policies that compromise Maasai pastoral livelihoods. This article utilizes actor–network theory to ethnographically and symmetrically compare the epistemic cultures of both the Maasai and palaeoanthropologists in Oldupai, and argues that while scientific and Maasai knowledge may differ in cultural content, both groups built ‘black boxes’ – such as scientific facts and oral traditions – in parallel and equally logical forms. Since there are no fundamental cognitive differences between members of each group, there are no justifiable reasons that the Maasai should continue to be excluded from research in their homeland and the myriad benefits that it can bring. - Reproduced. aOntology910034 aPalaeoanthropology910035 aSocial Science Information aEpistemology 2ddccAR 00102ddc40709384996aIIPAbIIPAd2019-09-09h58(1), Mar, 2019: p.57-83.pAR120827r2019-09-09yAR